Troubles psychiatriques - Statistiques

Statistiques générales
  • Ce quiz a été pris 151 fois
  • Le résultat moyen est 8 sur 14
Statistiques - réponses
Hint Réponse % Correct
Episodes de baisse d'humeur, faible estime de soi, troubles alimentaires et de sommeil, perte d'intérêt pour les activités habituellement agréables. Dépression
90%
Ingérer une forte quantité de nourriture sur un court laps de temps, suivi d'une évacuation forcée. Boulimie
82%
Forte préoccupation du poids qui entraîne des restrictions alimentaires et une réduction drastique du poids. Anorexie mentale
80%
Troubles de l'humeur caractérisés par une succession d'épisodes maniaques. Bipolarité
80%
Hallucinations, délires, comportements désorganisés, émotions désorganisées, comportements nuisibles à soi ou à autrui. Schizophrénie
79%
Difficultés relationelles, troubles du comportements générant un sentiment de persécution. Paranoia
53%
Envie répétée et irrépressible de faire ou de consommer quelque chose en dépit de la motivation et des efforts pour s'y soustraire. Addiction
51%
Peur démesurée et dépendant d'un ressenti plutôt que de causes rationnelles, d'un objet ou d'une situation précise. Phobies spécifiques
51%
Réaction à la suite d'un ou plusieurs événements traumatisants, ayant entraînée une menace ou une atteinte de l'intégrité physique ou psychologique. Trouble de Stress Post Traumatique
48%
Apparition répétée de pensées intrusives, générant de l'angoisse et de la peur, suivies de comportements ritualisés visant à éliminer la peur. Troubles obsessionnels compulsifs
46%
Instabilité émotionnelle qui dure dans le temps, difficulté à réguler ses émotions. Trouble borderline
45%
Trouble caractérisant des évènement courts et intenses, déclenchés par une cause soudaine, inopinée et intense pendant laquelle on peut avoir une peur de mourir Trouble panique
39%
Sentiment d'insécurité et présence constante d'inquiétudes difficilement contrôlables qui peuvent avoir un impact sur la vie courante. Troubles anxieux généralisés
28%
Timidité extrême, gênante et handicapante. Phobie Sociale
10%
Aucun quiz correspondant
Distribution des résultats
% des personnes avec chaque résultat
Percentile par nombre de réponses
Votre historique - résultats
Vous n’avez pas pris ce quiz